[Event "10th Nabokov Mem GM"]
[Site "Kiev UKR"]
[Date "2012.04.21"]
[Round "3.1"]
[White "Vysochin,S"]
[Black "Hamitevici,V"]
[Result "1-0"]
[WhiteElo "2550"]
[BlackElo "2436"]

1.e4 c5 2.c3 Nf6 3.e5 Nd5 4.Nf3 Nc6 5.Bc4 Nb6 6.Bb3 d5 7.exd6 Qxd6 8.O-O Be6
9.Bxe6 Qxe6 10.a4 Qd7 11.a5 Nd5 12.d4 e6 13.Ne5 Qc7 14.Qa4 Bd6 15.a6 Bxe5
16.dxe5 b6 17.Re1 O-O 18.Qe4 b5 19.Nd2 Rad8 20.Nf3 Nde7 21.Bf4 Qd7 22.Ng5 Ng6
23.Be3 h6 24.Nh3 Qd5 25.Qxd5 Rxd5 26.f4 Nge7 27.Kf1 f6 28.exf6 gxf6 29.Re2 Kf7
30.Rae1 Rfd8 31.Bf2 R8d6 32.g4 Ng6 33.Bg3 f5 34.Nf2 Nb8 35.h4 Rxa6 36.h5 Nf8
37.g5 Nbd7 38.Nh3 Kg7 39.Bh4 Ra4 40.Rxe6 Nxe6 41.Rxe6 hxg5 42.h6+ Kg8 43.Nxg5 Rxf4+
44.Bf2 Rd1+ 45.Ke2 Rxf2+ 46.Kxd1 Nf8 47.Re7  1-0

[Event "TCh-NED Meesterklasse 2011-12"]
[Site "Netherlands NED"]
[Date "2012.04.22"]
[Round "9.2"]
[White "Haast,M"]
[Black "Tjiam,D"]
[Result "1/2-1/2"]
[WhiteElo "2251"]
[BlackElo "2382"]

1.e4 c5 2.c3 Nf6 3.e5 Nd5 4.d4 cxd4 5.Nf3 d6 6.cxd4 Nc6 7.Bc4 e6 8.O-O Be7
9.Qe2 Nb6 10.Bb3 dxe5  1/2-1/2

[Event "ch-LTU 2012"]
[Site "Vilnius LTU"]
[Date "2012.04.24"]
[Round "4"]
[White "Kalvaitis,S"]
[Black "Pileckis,E"]
[Result "1/2-1/2"]
[WhiteElo "2258"]
[BlackElo "2448"]

1.e4 c5 2.c3 Nf6 3.e5 Nd5 4.d4 cxd4 5.Nf3 Nc6 6.Bc4 Nb6 7.Bb3 d5 8.exd6 Qxd6
9.cxd4 g6 10.O-O Bg7 11.Nc3 O-O 12.d5 Na5 13.Bg5 Re8 14.Re1 Bg4 15.h3 Nxb3
16.axb3 Bd7 17.Qd2 Qb4 18.Re4 Qxb3 19.Nd4 Qc4 20.Nde2 Qc5 21.b4 Qd6 22.Rd1 Bf5
23.Rh4 Rac8 24.Nd4 Nc4 25.Qa2 Bd7 26.Ndb5 Qxb4 27.Rb1 Qc5 28.Nxa7 Bf5 29.Rb5 Qc7
30.Nxc8 Rxc8 31.d6 Nxd6 32.Nd5 Be6 33.Nxe7+ Qxe7 34.Bxe7 Bxa2 35.Bxd6 Rd8
36.Be5 Rd1+ 37.Kh2 Bd5 38.Bxg7 Kxg7 39.Rf4 h5 40.h4 Rd2 41.Rbb4 Bc6 42.Kg3 Rd3+
43.f3 Rd2 44.Rbd4 Re2 45.Rd8 Re7 46.Rfd4 Re2 47.Rc8 Re7 48.Rd6 Kh7 49.Kf4 Kg7
50.Rd4 Re2 51.g3 Rf2 52.Rd3 Rf1 53.Rc7 Kf6 54.Re3 Rf2 55.g4 hxg4 56.Kxg4 Rf1
57.Kg3  1/2-1/2

[Event "Russian Juniors 2012"]
[Site "Sochi RUS"]
[Date "2012.04.25"]
[Round "8"]
[White "Chekhov,S"]
[Black "Belous,V"]
[Result "1/2-1/2"]
[WhiteElo "2443"]
[BlackElo "2524"]

1.e4 c5 2.c3 Nf6 3.e5 Nd5 4.d4 cxd4 5.Nf3 Nc6 6.Bc4 Nc7 7.O-O dxc3 8.Nxc3 g6
9.Bf4 Bg7 10.Qd2 Ne6 11.Bg3 O-O 12.Rfe1 Qa5 13.Rad1 Rb8 14.h4 b5 15.Bb3 h5
16.Qe3 b4 17.Nd5 Rb5 18.Ng5 Bh6 19.Bf4 Bg7 20.Bg3 Bb7 21.Qd3 Ba8 22.f4 Nxg5
23.hxg5 d6 24.Nf6+ exf6 25.gxf6 Bxf6 26.exf6 Rf5 27.Qxd6 Qb6+ 28.Bf2 Qb8
29.Qxb8 Rxb8 30.Bh4 Rf8 31.Bg5 Na5 32.Ba4 Rd5 33.Rxd5 Bxd5 34.Re7 b3 35.axb3 Nxb3
36.Re5 Rd8 37.Bxb3 Bxb3 38.Ra5 Rd1+ 39.Kf2 Rd2+ 40.Ke3 Rxb2 41.g3  1/2-1/2

[Event "Spartak IM 2012"]
[Site "Subotica SRB"]
[Date "2012.04.25"]
[Round "8.5"]
[White "Siclovan,C"]
[Black "Ardeleanu,A"]
[Result "1/2-1/2"]
[WhiteElo "2165"]
[BlackElo "2338"]

1.e4 c5 2.c3 Nf6 3.e5 Nd5 4.d4 cxd4 5.Nf3 Nc6 6.cxd4 d6 7.Bc4 Nb6 8.Bb5 Bd7
9.Nc3 dxe5 10.Nxe5 Nxe5 11.dxe5 Bxb5 12.Nxb5 Qxd1+ 13.Kxd1 O-O-O+ 14.Ke2 Rd5
15.a4 Rxe5+ 16.Be3 Nd5 17.Rac1+ Kb8 18.Rhd1 e6 19.Kf3 Rf5+ 20.Ke2 Re5 21.Kf3 Rf5+  1/2-1/2

[Event "Magistral Osasco 50 Anos"]
[Site "Osasco BRA"]
[Date "2012.04.28"]
[Round "5.3"]
[White "Terao,R"]
[Black "Barbosa,Ev"]
[Result "1/2-1/2"]
[WhiteElo "2364"]
[BlackElo "2399"]

1.e4 c5 2.c3 Nf6 3.e5 Nd5 4.Bc4 Nb6 5.Bb3 g6 6.Nf3 Bg7 7.O-O O-O 8.Re1 Nc6
9.d4 cxd4 10.Bf4 d6 11.exd6 exd6 12.Nxd4 Nxd4 13.cxd4 Qf6 14.Bg3 Bf5 15.Nc3 Rad8
16.Qf3 Qxd4 17.Rad1 Bg4 18.Rxd4 Bxf3 19.Rxd6 Bc6 20.h3  1/2-1/2

[Event "Magistral Osasco 50 Anos"]
[Site "Osasco BRA"]
[Date "2012.04.28"]
[Round "6.2"]
[White "Terao,R"]
[Black "Mareco,S"]
[Result "0-1"]
[WhiteElo "2364"]
[BlackElo "2579"]

1.e4 c5 2.c3 Nf6 3.e5 Nd5 4.Bc4 e6 5.d4 cxd4 6.Bxd5 exd5 7.Qxd4 Nc6 8.Qxd5 d6
9.exd6 Bxd6 10.Bg5 f6 11.Be3 Qe7 12.Nf3 Be6 13.Qd1 Bc4 14.Nbd2 Bd3 15.Nf1 Bg6
16.Nh4 f5 17.g3 O-O-O 18.Qa4 Bc5 19.Nxg6 hxg6 20.Qc4 Bb6 21.Qe2 Rhe8 22.Nd2 Qe6
23.O-O g5 24.Rfe1 Rxd2 25.Qxd2 Ne5 26.Qc2 Nf3+ 27.Kh1 f4 28.Bd2 Rh8  0-1

[Event "Historical Melaka Op"]
[Site "Melaka MAS"]
[Date "2012.04.29"]
[Round "8"]
[White "Yeoh,L"]
[Black "Horvath,Ad1"]
[Result "1-0"]
[WhiteElo "2204"]
[BlackElo "2487"]

1.e4 c5 2.c3 Nf6 3.e5 Nd5 4.d4 cxd4 5.cxd4 e6 6.Nf3 d6 7.Bc4 Be7 8.Qe2 O-O
9.O-O b6 10.Nc3 Nxc3 11.bxc3 Bb7 12.exd6 Bxd6 13.Ne5 Nd7 14.f4 Rc8 15.Bd2 Rc7
16.Bd3 Nf6 17.Rae1 Re8 18.Bb1 g6 19.Rc1 Ba3 20.Rcd1 Bb2 21.Nc4 Ba6 22.Bd3 Bxc4
23.Bxc4 Nd5 24.Bb5 Ree7 25.c4 Nc3 26.Bxc3 Bxc3 27.Qe3 Ba5 28.Ba6 Qd6 29.a3 Qd8
30.Kh1 Rcd7 31.Rd3 Rd6 32.Rfd1 Red7 33.h3 Qh4 34.Kh2 Rd8 35.g3 Qh5 36.Qe5 Qh6
37.Bb7 Qf8 38.h4 h5 39.Ba6 R6d7 40.Bb5 Rd6 41.Ba6 Qe7 42.Qe4 Qc7 43.Qe5 Qc6
44.Qb5 Qa8 45.Qe5 Qc6 46.Qb5 Qc7 47.Qe5 Qe7 48.Qe4 Qd7 49.Qg2 Kf8 50.Qb7 Qa4
51.Bb5 Qc2+ 52.Qg2 Qxg2+ 53.Kxg2 Ke7 54.Kf3 Rc8 55.Ke4 Rc7 56.Re3 Rc8 57.Ba6 Rc7
58.Bb5 Kd8 59.Red3 Ke7 60.Ba6 Rdc6 61.Kf3 Kf6 62.Rb1 Rxc4 63.Bxc4 Rxc4 64.Rbd1 Ra4
65.Rc1 b5 66.Rc5 b4 67.Rc4 Ke7 68.Rb3 Kd6 69.Ke4 f6 70.Rd3 f5+ 71.Kf3 Kd5
72.Rc5+ Kd6 73.axb4 Bxb4 74.Rb5 a6 75.Rb8 Kd5 76.Rd8+ Bd6 77.Rb3 Kc6 78.Re3 Rxd4
79.Rxe6 a5 80.Rxg6 a4 81.Ra8 Kb5 82.Rg5 Rd5 83.Rxh5 Bc5 84.g4 Rd3+ 85.Ke2 Rg3
86.Rxf5 a3 87.g5 a2 88.h5 Kc4 89.Rxc5+ Kxc5 90.Kf2 Rh3 91.Kg2 Rxh5 92.Rxa2  1-0

[Event "GP FFE 2nd stage KO"]
[Site "Nancy FRA"]
[Date "2012.04.29"]
[Round "1.2"]
[White "Tkachiev,V"]
[Black "Vachier Lagrave,M"]
[Result "1/2-1/2"]
[WhiteElo "2641"]
[BlackElo "2682"]

1.e4 c5 2.c3 Nf6 3.e5 Nd5 4.Nf3 Nc6 5.Bc4 Nb6 6.Bb3 d5 7.exd6 c4 8.Bc2 Qxd6
9.O-O Bg4 10.Re1 O-O-O 11.Qe2 e6 12.Na3 Qc5 13.b3 Bd6 14.Nxc4 Nxc4 15.bxc4 Qh5
16.h3 Bxf3 17.Qxf3 Qxf3 18.gxf3 Ne5 19.Re4 f5 20.Re3 f4 21.Rxe5 Bxe5 22.c5 Bc7
23.Be4 e5 24.Rb1 b6 25.a4 Rhf8 26.cxb6 axb6 27.Ba3 Bd6 28.Bxd6 Rxd6 29.d3 Rf7
30.Rb5 Rc7 31.a5 bxa5 32.Rxa5 Rxc3 33.Rxe5 Kd8 34.Kg2 g6 35.h4 Rc7 36.Kh3 Rc2
37.Kg4 Rxf2 38.Kxf4 Rh2 39.Kg3 Rd2 40.Ra5 Ke7 41.Ra8 Kf6 42.Ra7 h6 43.Rh7 R2xd3
44.Bxd3 Rxd3 45.Ra7 Rd6  1/2-1/2

[Event "3rd Royal Residence Cup"]
[Site "Zhovkva UKR"]
[Date "2012.04.30"]
[Round "9"]
[White "Leshchyshak,I"]
[Black "Petrenko,S"]
[Result "1/2-1/2"]
[WhiteElo "2137"]
[BlackElo "2250"]

1.e4 c5 2.c3 Nf6 3.e5 Nd5 4.d4 e6 5.Nf3 cxd4 6.cxd4 d6 7.Bc4 dxe5 8.dxe5 Bb4+
9.Bd2 Be7 10.O-O Nc6 11.Nc3  1/2-1/2

[Event "TCh-CHN 2012"]
[Site "Beijing CHN"]
[Date "2012.05.01"]
[Round "4"]
[White "Ning Chunhong"]
[Black "Tan Zhongyi"]
[Result "1-0"]
[WhiteElo "2328"]
[BlackElo "2438"]

1.e4 c5 2.c3 Nf6 3.e5 Nd5 4.d4 cxd4 5.Nf3 Nc6 6.cxd4 d6 7.Bc4 e6 8.O-O Be7
9.Qe2 O-O 10.a3 b6 11.Qe4 Bb7 12.Bd3 g6 13.Bh6 Re8 14.Nbd2 dxe5 15.dxe5 Na5
16.Qg4 Ne3 17.fxe3 Qxd3 18.b4 Nc6 19.Qf4 Qf5 20.Qg3 b5 21.Rad1 Rad8 22.Nd4 Qh5
23.Nxc6 Bxc6 24.Bf4 Bh4 25.Qh3 Qe2 26.e4 Bf2+ 27.Kh1 Bxe4 28.Bg5 Rd3 29.Nxe4 Rxh3
30.Nxf2 Rxa3 31.Rde1 Qc4 32.Ne4 Rf8 33.Bh6 Qxb4 34.Nf6+ Kh8 35.Re4 Qc5 36.Rh4 Rc8
37.Be3 h5 38.Bxc5 Rxc5 39.Re4 Rd3 40.g4 hxg4 41.Nxg4 Kg7 42.Ref4 Rc7 43.Nf6 Kf8
44.Nh7+ Kg7 45.Nf6 Kf8 46.Rh4 Ke7 47.Rh8 Rd8 48.Ng8+ Kd7 49.Rd1+ Kc8 50.Rxd8+  1-0

[Event "ch-LAT 2012"]
[Site "Riga LAT"]
[Date "2012.05.01"]
[Round "4"]
[White "Samolins,V"]
[Black "Lavendelis,E"]
[Result "1-0"]
[WhiteElo "2392"]
[BlackElo "2347"]

1.e4 c5 2.c3 Nf6 3.e5 Nd5 4.Bc4 Nb6 5.Bb3 c4 6.Bc2 d6 7.exd6 e5 8.Nf3 Bxd6
9.d3 cxd3 10.Qxd3 Be6 11.Ng5 Bd5 12.O-O Bc4 13.Qf3 h6 14.b3 hxg5 15.bxc4 N8d7
16.Nd2 e4 17.Qxe4+ Kf8 18.g3 Qf6 19.Qf3 Qh6 20.Qg2 Ne5 21.Re1 g4 22.c5 Nbc4
23.Rxe5 Nxe5 24.cxd6 Rd8 25.Be4 Qxd6 26.Nf1 Qf6 27.Bf4 Nf3+ 28.Kh1 Qxc3 29.Rc1 Qxc1
30.Bxc1 Ne1 31.Qg1 Rd4 32.f3 Rd1 33.Qc5+  1-0

[Event "NK Jeugd A 2012"]
[Site "Haarlem NED"]
[Date "2012.05.03"]
[Round "6.7"]
[White "Sekandar,K"]
[Black "De Jongh,Adriaan"]
[Result "1/2-1/2"]
[WhiteElo "1996"]
[BlackElo "2197"]

1.e4 c5 2.c3 Nf6 3.e5 Nd5 4.Nf3 e6 5.d4 cxd4 6.cxd4 d6 7.Nc3 Nxc3 8.bxc3 Qc7
9.Bd2 Nd7 10.exd6 Bxd6 11.Bd3 O-O 12.O-O b6 13.h3 Bb7 14.c4 Bf4 15.Be3 Nf6
16.Rc1 Rfd8 17.Qd2 Bd6 18.Ne1 Rac8 19.Qe2 Bh2+ 20.Kh1 Bf4 21.Qd2 Bxe3 22.fxe3 Qg3
23.Nf3 h6 24.Qf2 Ne4 25.Bxe4 Qxf2 26.Rxf2 Bxe4 27.Rb2 Rc7 28.Nd2 Bd5 29.Rbc2 Rdc8
30.Kg1 Bb7 31.Kf2 e5 32.Nf3 exd4 33.exd4 Be4 34.Rc3 Bd5 35.Nd2 b5 36.c5 Bxa2
37.Ne4 b4 38.R3c2 Bd5 39.Nd6 Rb8 40.Ke3 a5 41.Ra1 a4 42.Rxa4 Bb3 43.Raa2 Bxc2
44.Rxc2 b3 45.Rb2 Ra7 46.Kd3 Kf8 47.Kc3 Ke7 48.Rxb3 Rxb3+ 49.Kxb3 Ke6 50.Kc4 Ra4+
51.Kd3 Kd5 52.Nb5 Rb4 53.Nc3+ Kc6 54.Ke4 Rb3 55.Nd5 Rg3 56.Ne3 Kd7 57.d5 Rg6
58.c6+ Kc7 59.g4 h5 60.gxh5 Rg5 61.Nf5 Rxh5 62.Nxg7 Rxh3 63.Ne8+ Kd8 64.Nd6 Kc7
65.Nxf7 Rh1 66.Ke5 Re1+ 67.Kd4 Rd1+ 68.Ke5 Rc1 69.Ke6 Rxc6+ 70.dxc6 Kxc6  1/2-1/2

[Event "8th World Schools U17"]
[Site "Iasi ROU"]
[Date "2012.05.03"]
[Round "6.2"]
[White "Bida,M"]
[Black "Emiroglu,C"]
[Result "1-0"]
[WhiteElo "2204"]
[BlackElo "2253"]

1.e4 c5 2.c3 Nf6 3.e5 Nd5 4.Bc4 Nb6 5.Bb3 c4 6.Bc2 Nc6 7.Nf3 Qc7 8.Qe2 g5
9.Na3 g4 10.Nb5 Qb8 11.Ng5 Nxe5 12.O-O d5 13.f4 Nd3 14.Bxd3 cxd3 15.Qe5 f6
16.Qc7 Qxc7 17.Nxc7+ Kd7 18.Nge6 Rb8 19.Re1 Bh6 20.b3 Bxf4 21.Nxf4 Kxc7 22.Rxe7+ Kc6
23.Ba3 Bd7 24.Rf7 f5 25.Rf6+ Kb5 26.Bd6 Rbg8 27.a4+ Ka6 28.Nxd3 Nc8 29.Nc5+  1-0

[Event "ch-LAT 2012"]
[Site "Riga LAT"]
[Date "2012.05.03"]
[Round "7.4"]
[White "Bernotas,A"]
[Black "Meskovs,N"]
[Result "0-1"]
[WhiteElo "2196"]
[BlackElo "2319"]

1.e4 c5 2.c3 Nf6 3.e5 Nd5 4.Nf3 Nc6 5.Bc4 Nb6 6.Bb3 c4 7.Bc2 Qc7 8.Qe2 g5
9.Na3 g4 10.Nb5 Qb8 11.Nh4 a6 12.Nd6+ exd6 13.exd6+ Kd8 14.Qe3 Bxd6 15.Qxb6+ Qc7
16.Qxc7+ Kxc7 17.O-O Ne5 18.Nf5 Bc5 19.b3 d5 20.Re1 Bxf5 21.Bxf5 Rae8 22.Bb2 h5
23.d4 cxd3 24.Red1 h4 25.Bxd3 g3 26.h3 gxf2+ 27.Kf1 Nf3 28.gxf3 Rhg8 29.Be4 dxe4
30.f4 Rg1+ 31.Ke2 Reg8 32.b4 f1=Q+  0-1

[Event "Copenhagen Chess Challenge 2012"]
[Site "Ballerup DEN"]
[Date "2012.05.05"]
[Round "6"]
[White "Eriksson,C"]
[Black "Bendixen,D"]
[Result "1-0"]
[WhiteElo "2149"]
[BlackElo "1837"]

1.e4 c5 2.c3 Nf6 3.e5 Nd5 4.d4 cxd4 5.Nf3 e6 6.cxd4 b6 7.Bc4 Bb7 8.O-O Be7
9.Bxd5 Bxd5 10.Nc3 Bc4 11.Re1 d5 12.exd6 Qxd6 13.Ne5 O-O 14.Nxc4  1-0

[Event "ch-LAT 2012"]
[Site "Riga LAT"]
[Date "2012.05.05"]
[Round "9"]
[White "Bernotas,A"]
[Black "Neiksans,A"]
[Result "0-1"]
[WhiteElo "2196"]
[BlackElo "2524"]

1.e4 c5 2.c3 Nf6 3.e5 Nd5 4.Nf3 Nc6 5.d4 cxd4 6.cxd4 d6 7.Bc4 Nb6 8.Bb5 Bd7
9.exd6 e6 10.O-O Bxd6 11.Nc3 Nb4 12.Be2 O-O 13.a3 N4d5 14.Ne4 Bc6 15.Ne5 Rc8
16.Bd3 Nf6 17.Nxf6+ Qxf6 18.Qg4 h6 19.Nxc6 Rxc6 20.Qe4 Rd8 21.Qh7+ Kf8 22.Be4 Rc7
23.Bd2 Ke7 24.g3 Kd7 25.Rfe1 Kc8 26.a4 Bf8 27.Bf4 Bd6 28.a5 Nc4 29.a6 bxa6
30.Bxd6 Rxd6 31.Bg2 Rxd4 32.Re4 Rcd7 33.Rxd4 Rxd4 34.Rc1 Kd7 35.Qc2 Rd2 36.Qa4+ Kd8
37.Rf1 Qd4 38.b3 Ne5 39.Qxa6 Ke7 40.Qa3+ Kf6 41.Qa1 Rb2 42.Kh1 Nd3 43.h3 Nxf2+
44.Kh2 Kg6 45.Rb1 Rd2 46.Qa6 Ne4 47.Rf1 Qb2 48.Rg1 Qe5  0-1

[Event "ch-LAT 2012"]
[Site "Riga LAT"]
[Date "2012.05.05"]
[Round "9"]
[White "Sveshnikov,E"]
[Black "Kantans,T"]
[Result "1/2-1/2"]
[WhiteElo "2499"]
[BlackElo "2347"]

1.e4 c5 2.c3 Nf6 3.e5 Nd5 4.Nf3 Nc6 5.d4 cxd4 6.cxd4 d6 7.Bc4 Nb6 8.Bb5 Bd7
9.Nc3 dxe5 10.dxe5 g6 11.O-O Bg7 12.Bf4 O-O 13.h3 Be6 14.Qe2 Nd4 15.Nxd4 Qxd4
16.Bg3 Rfd8 17.Rfd1 Qb4 18.Bd3 Nc4 19.b3 Qxc3 20.Rac1 Qa5 21.Bxc4 Rxd1+ 22.Rxd1 Bxc4
23.bxc4 Rd8 24.Rxd8+ Qxd8 25.e6 f5 26.Qf3 Qb6 27.Qd5 Bf6 28.Bf4 Kg7 29.g4 h6
30.Kg2 Qb1 31.a4 a6 32.Be3 Qc2 33.gxf5 Qxa4 34.Qxb7 Qxc4 35.fxg6 Qxe6 36.Qb1 Qd5+
37.Kg1 a5 38.Qc2 Qb5 39.Qa2 Kxg6 40.Qg8+ Bg7 41.Qe6+ Bf6 42.Qg8+ Bg7 43.Qe6+ Kh7
44.Qxe7 a4 45.Qe4+ Kg8 46.Qe6+ Kh7 47.Qe4+ Kg8 48.Qe6+ Kh7  1/2-1/2

[Event "Vienna Ladies 2012"]
[Site "Vienna AUT"]
[Date "2012.05.05"]
[Round "1.2"]
[White "Mader,Ma"]
[Black "Ionica,I"]
[Result "0-1"]
[WhiteElo "2228"]
[BlackElo "2210"]

1.e4 c5 2.c3 Nf6 3.e5 Nd5 4.Nf3 e6 5.Bc4 d6 6.d4 cxd4 7.cxd4 Nc6 8.O-O Be7
9.Qe2 O-O 10.Nc3 Nxc3 11.bxc3 dxe5 12.dxe5 Qa5 13.Bd2 Rd8 14.Bd3 Bd7 15.Rfb1 Rab8
16.Rb5 Qc7 17.Ng5 g6 18.Nf3 Be8 19.Rbb1 Rd5 20.Bc4 Rd7 21.Rc1 Ba3 22.Rc2 a6
23.Rb1 Rbd8 24.Bg5 Be7 25.Bf4 Na5 26.Bb3 Rd3 27.c4 Bc6 28.Ne1 R3d4 29.Be3 Re4
30.Nd3 Qd7 31.Rd2 Nxb3 32.axb3 Qc7 33.f3 Rh4 34.Rbd1 Rh5 35.Qf2 Re8 36.Bb6 Qc8
37.Qe2 Bg5 38.f4 Bd8 39.Bxd8 Qxd8 40.Qf2 Qe7 41.Nc5 Kg7 42.Nd7 Bxd7 43.Rxd7 Qb4
44.Qe3 Rc8 45.g4 Rh4 46.Qg3 Rh6 47.R1d4 b5 48.f5 exf5 49.gxf5 Rh5 50.f6+ Kh6
51.Rh4 Qc5+ 52.Kf1 Qa3 53.Rxh5+ Kxh5 54.Qh3+ Kg5 55.Rd1 Rxc4 56.Rd3 Qc1+
57.Ke2 Rc2+  0-1

[Event "Vienna Ladies 2012"]
[Site "Vienna AUT"]
[Date "2012.05.06"]
[Round "2.3"]
[White "Exler,V"]
[Black "Kochetkova,J"]
[Result "0-1"]
[WhiteElo "2133"]
[BlackElo "2282"]

1.e4 c5 2.c3 Nf6 3.e5 Nd5 4.d4 cxd4 5.Nf3 g6 6.cxd4 Bg7 7.Bc4 Nb6 8.Bb3 Nc6
9.O-O O-O 10.a4 a5 11.Bf4 d6 12.exd6 Bg4 13.dxe7 Qxe7 14.Be3 Rad8 15.d5 Nxd5
16.Bxd5 Nb4 17.Qb3 Rxd5 18.Nc3 Rd3 19.Ne1 Rd7 20.Qc4 Be6 21.Qe4 Rc8 22.Nf3 Rc4
23.Qb1 Bf5 24.Qc1 Nd3 25.Nd5 Qe4 26.Nd2 Rxc1 27.Nxe4 Rxf1+ 28.Kxf1 Rxd5  0-1

[Event "42nd Bosna Open B"]
[Site "Sarajevo BIH"]
[Date "2012.05.07"]
[Round "4.14"]
[White "Grubacic,Mile"]
[Black "Kruskic,M"]
[Result "1/2-1/2"]
[WhiteElo "2025"]
[BlackElo "2148"]

1.e4 c5 2.c3 Nf6 3.e5 Nd5 4.d4 cxd4 5.Nf3 Nc6 6.Bc4 Nb6 7.Bb3 d6 8.exd6 Qxd6
9.O-O h6 10.cxd4 Bg4 11.h3 Bxf3 12.Qxf3 e6 13.Rd1 Be7 14.Nc3 O-O 15.Bf4 Qb4
16.d5 exd5 17.Nxd5  1/2-1/2

[Event "42nd Bosna Open B"]
[Site "Sarajevo BIH"]
[Date "2012.05.08"]
[Round "6.20"]
[White "Grubacic,Mile"]
[Black "Jamak,A"]
[Result "1-0"]
[WhiteElo "2025"]
[BlackElo "1916"]

1.e4 c5 2.c3 Nf6 3.e5 Nd5 4.d4 Nc6 5.Nf3 cxd4 6.Bc4 Nb6 7.Bb3 d3 8.Qxd3 Qc7
9.Bf4 e6 10.O-O Be7 11.Nbd2 f6 12.Rfe1 fxe5 13.Nxe5 Bd6 14.Ndf3 Na5 15.Rad1 Nxb3
16.axb3 Nd5 17.Bg3 O-O 18.c4 Bxe5 19.Bxe5 d6 20.cxd5 dxe5 21.d6 Qf7 22.Nxe5 Qxf2+
23.Kh1 b6 24.Rf1 Qh4 25.Rxf8+ Kxf8 26.Qf3+ Qf6 27.Qxa8  1-0

[Event "Vienna Ladies 2012"]
[Site "Vienna AUT"]
[Date "2012.05.11"]
[Round "7.5"]
[White "Exler,V"]
[Black "Ionica,I"]
[Result "0-1"]
[WhiteElo "2133"]
[BlackElo "2210"]

1.e4 c5 2.c3 Nf6 3.e5 Nd5 4.d4 cxd4 5.Nf3 e6 6.cxd4 d6 7.Bc4 Nc6 8.O-O Be7
9.Re1 O-O 10.a3 Bd7 11.Qd3 Rc8 12.Bd2 Na5 13.Ba2 b5 14.Nc3 Nxc3 15.Bxc3 Nc4
16.Bb1 g6 17.b3 Nb6 18.Bb2 Nd5 19.Qd2 Bc6 20.h4 dxe5 21.dxe5 Nb6 22.h5 Bxf3
23.Qxd8 Rfxd8 24.gxf3 gxh5 25.Kg2 Kh8 26.f4 Rd2 27.Bc1 Rxf2+ 28.Kg3 Bc5 29.Ra2 Rg8+
30.Kh3 Rf3+ 31.Kh2 Rgg3 32.Rc2 Rh3+ 33.Kg2 Rfg3+ 34.Kf1 Rg1+ 35.Ke2 Rg2+
36.Kf1 Rxc2 37.Bxc2 Nd5 38.Kg2 Rc3 39.Re2 Bxa3 40.Bxa3 Rxc2 41.Rxc2 Ne3+
42.Kf2 Nxc2 43.Bc5 a5 44.Ke2 h4 45.Kd2 h3 46.Bg1 Nd4  0-1

[Event "TUR-ALG Friendship w 2012"]
[Site "Ankara TUR"]
[Date "2012.05.12"]
[Round "1"]
[White "Ozturk,H"]
[Black "Latreche,K"]
[Result "1-0"]
[WhiteElo "1830"]
[BlackElo "1926"]

1.e4 c5 2.c3 Nf6 3.e5 Nd5 4.d4 cxd4 5.Nf3 e6 6.Bc4 Nb6 7.Qxd4 Nc6 8.Qe4 f5
9.exf6 gxf6 10.Bb3 d5 11.Qh4 Qe7 12.Be3 Nd7 13.O-O Qg7 14.Re1 Nde5 15.Nbd2 Rg8
16.g3 Ng6 17.Qh5 Qf7 18.c4 dxc4 19.Nxc4 Bd7 20.Nd4 Nxd4 21.Bxd4 O-O-O 22.Bxa7 b5
23.Na5 Re8 24.Rac1+ Kd8 25.Nb7+  1-0

[Event "Open Hradec Kralove 2012"]
[Site "Hradec Kralove CZE"]
[Date "2012.05.12"]
[Round "1"]
[White "Nemec,O"]
[Black "Baraniuk,Andrej"]
[Result "1-0"]
[WhiteElo "1881"]
[BlackElo "1667"]

1.e4 c5 2.c3 Nf6 3.e5 Nd5 4.d4 e6 5.Nf3 Nc6 6.c4 Nb6 7.d5 exd5 8.cxd5 Nd4
9.Nxd4 cxd4 10.Qxd4 d6 11.Nc3 dxe5 12.Qxe5+ Qe7 13.Bf4 Bd7 14.Be2 Qxe5 15.Bxe5 f6
16.Bh5+ Kd8 17.Bg3 Bb4 18.O-O Bxc3 19.bxc3 Nxd5 20.Bf3 Nc7 21.Bxb7 Rb8 22.Rab1 Re8
23.Rfd1 Re6 24.c4 Rb6 25.Rxb6 axb6 26.Bc6  1-0

[Event "ch-CZE 2012"]
[Site "Kouty nad Desnou CZE"]
[Date "2012.05.12"]
[Round "1"]
[White "Kislinsky,A"]
[Black "Folk,P"]
[Result "1-0"]
[WhiteElo "2532"]
[BlackElo "2244"]

1.e4 c5 2.c3 Nf6 3.e5 Nd5 4.Bc4 Nb6 5.Bb3 c4 6.Bc2 Nc6 7.Nf3 Qc7 8.Qe2 g5
9.Na3 Bg7 10.Nxc4 Nxc4 11.Qxc4 d5 12.exd6 Qxd6 13.Nxg5 Qe5+ 14.Ne4 Bg4 15.d4 Qh5
16.Ng3 Qa5 17.O-O h5 18.b4 Qd8 19.Bb3 e6 20.f3 Nxd4 21.fxg4 hxg4 22.Ba4+ Kf8
23.Qc5+ Kg8 24.Bg5 b6 25.Bxd8 bxc5 26.Bf6  1-0

[Event "30th Liechtenstein Open 2012"]
[Site "Triesen LIE"]
[Date "2012.05.12"]
[Round "2.44"]
[White "Giger,Daniel"]
[Black "Rous,D"]
[Result "0-1"]
[WhiteElo "1683"]
[BlackElo "1911"]

1.e4 c5 2.c3 Nf6 3.d3 Nc6 4.Nf3 d6 5.h3 e6 6.Bg5 Be7 7.Nbd2 O-O 8.d4 cxd4
9.cxd4 Qb6 10.Nc4 Qb4+ 11.Bd2 Qb5 12.e5 dxe5 13.a4 Qd5 14.dxe5 Ne4 15.Ne3 Qd7
16.Bb5 Nxd2 17.Nxd2 Rd8 18.Qc2 Bb4 19.Rd1 Bxd2+ 20.Rxd2 Qxd2+ 21.Qxd2 Rxd2
22.Kxd2 Nxe5 23.Rd1 Kf8 24.Ke2 Ke7 25.f4 Nd7 26.b4 Nf6 27.Kf3 a6 28.Bc4 Bd7
29.b5 axb5 30.axb5 Ne8 31.Re1 Ra3 32.Kf2 Nd6 33.f5 Nxc4 34.Nxc4 Ra2+ 35.Kg1 Bxb5
36.Nb6 Bc6 37.g4 Rg2+ 38.Kf1 Rg3  0-1

[Event "Open Hradec Kralove 2012"]
[Site "Hradec Kralove CZE"]
[Date "2012.05.14"]
[Round "3"]
[White "Nemec,O"]
[Black "Parizek,Vojtech"]
[Result "0-1"]
[WhiteElo "1881"]
[BlackElo "1713"]

1.e4 c5 2.c3 Nf6 3.e5 Nd5 4.d4 e6 5.c4 Nb6 6.d5 d6 7.exd6 Bxd6 8.Nf3 O-O
9.Be2 Re8 10.O-O exd5 11.cxd5 Nxd5 12.Bg5 Qd7 13.Nc3 Nxc3 14.bxc3 Nc6 15.Qd2 Bxh2+
16.Nxh2 Qxd2 17.Bxd2 Rxe2 18.Be3 Rc2 19.Rfc1 Rxc1+ 20.Rxc1 b6 21.Nf3 Be6
22.a3 Rd8 23.Kf1 Kf8 24.Ke1 Ke7 25.Bf4 f6 26.Rd1 Rxd1+ 27.Kxd1 Bg4 28.Kc2 Bxf3
29.gxf3 g5 30.Bg3 h5 31.Kd2 h4 32.Bh2 f5 33.f4 g4 34.Ke2 Kd6  0-1

[Event "ch-CZE 2012"]
[Site "Kouty nad Desnou CZE"]
[Date "2012.05.14"]
[Round "3"]
[White "Kislinsky,A"]
[Black "Voloshin,L"]
[Result "1-0"]
[WhiteElo "2532"]
[BlackElo "2434"]

1.e4 c5 2.c3 Nf6 3.e5 Nd5 4.Nf3 Nc6 5.Bc4 Nb6 6.Bb3 c4 7.Bc2 Qc7 8.Qe2 g5
9.Na3 g4 10.Nb5 Qb8 11.Ng5 Nxe5 12.O-O h6 13.f4 gxf3 14.Nxf3 Bg7 15.Nxe5 Qxe5
16.Qf2 O-O 17.Nc7 Rb8 18.Ne8 d6 19.Nxg7 Qxg7 20.d3 f5 21.dxc4 e5 22.c5 dxc5
23.Be3 Be6 24.Bxc5 Rf7 25.Bxb6 axb6 26.Rad1 Re8 27.Rd6 b5 28.Qb6 Rfe7 29.Bxf5 Bxf5
30.Rxf5 Kh7 31.Rff6 e4 32.Qe3  1-0

[Event "Serbia Cup Final 2012"]
[Site "Kragujevac SRB"]
[Date "2012.05.14"]
[Round "1"]
[White "Rogac,S"]
[Black "Skoko,Mil"]
[Result "1/2-1/2"]
[WhiteElo "2298"]
[BlackElo "2206"]

1.e4 c5 2.c3 Nf6 3.e5 Nd5 4.g3 d6 5.exd6 e6 6.Bg2 Bxd6 7.Nf3 Nc6 8.O-O O-O
9.d4 cxd4 10.Nxd4 Nxd4 11.Qxd4 Qc7 12.Nd2 Bd7 13.Ne4 Be5 14.Qc5 Bc6 15.f4 Bf6
16.f5 Be7 17.Qf2 exf5 18.Qxf5 Nf6 19.Nxf6+ Bxf6 20.Bxc6 Qxc6 21.Bg5 Bd8 22.Bxd8 Raxd8
23.Rad1 g6 24.Qf2 Rxd1  1/2-1/2

[Event "Open Hradec Kralove 2012"]
[Site "Hradec Kralove CZE"]
[Date "2012.05.15"]
[Round "5"]
[White "Nemec,O"]
[Black "Svec,L"]
[Result "1-0"]
[WhiteElo "1881"]
[BlackElo "1752"]

1.e4 c5 2.c3 Nf6 3.e5 Nd5 4.d4 cxd4 5.cxd4 d6 6.Nf3 e6 7.Bc4 Nb6 8.Bd3 Be7
9.Qe2 Nc6 10.Nc3 Nb4 11.Bb1 Bd7 12.Be4 Bc6 13.Bxc6+ bxc6 14.O-O a5 15.Bd2 d5
16.Rac1 Nc4 17.Be3 O-O 18.b3 Nb6 19.Nb1 Qd7 20.Bg5 Rfc8 21.Bxe7 Qxe7 22.Qd2 Qb7
23.a3 Na6 24.Qxa5 Nd7 25.Qc3 c5 26.Qe3 cxd4 27.Nxd4 Nac5 28.f4 Ne4 29.Kh1 Rc7
30.Rxc7 Qxc7 31.Nb5 Qc5 32.Qxc5 Ndxc5 33.Nd4 Nd3 34.g3 g6 35.Kg2 h6 36.Rd1 Ndc5
37.Rc1 Rb8 38.b4 Na4 39.Rc7 Kf8 40.Kf3 Nb2 41.Ke2 Nc4 42.Kd3 Ra8 43.Rxc4 Nf2+
44.Ke2 dxc4 45.Kxf2 c3 46.Ke2 Ke8 47.Kd3  1-0

[Event "21st CRO-Cup"]
[Site "Sibenik CRO"]
[Date "2012.05.16"]
[Round "1.91"]
[White "Trbojevic,M"]
[Black "Kinez,I"]
[Result "1/2-1/2"]
[WhiteElo "2312"]
[BlackElo "2092"]

1.e4 c5 2.c3 Nf6 3.e5 Nd5 4.Nf3 d6 5.d4 cxd4 6.Qxd4 e6 7.Nbd2 a6 8.exd6 Nc6
9.Qe4 Bxd6 10.Nc4 Be7 11.a4 O-O 12.Bd3 f5 13.Qe2 Bf6 14.O-O Qc7 15.Re1 h6
16.Nfe5 Nxe5 17.Nxe5 Re8 18.Bc2 b6 19.Bb3 Bb7 20.Bd2 Rad8 21.Rad1 Kh7 22.c4 Bxe5
23.Qxe5 Qxe5 24.Rxe5 Nf6 25.f3 Nd7 26.Ree1 Nc5 27.Bc2 Bc6 28.a5 b5 29.Bb4 Rxd1
30.Rxd1 Nb7 31.b3 Kg6 32.Bd3 Rd8 33.Rd2 Ra8 34.Kf2 Kf7 35.cxb5 axb5 36.Rc2 Bd5
37.Rc7+ Kg8 38.Bc3 Nxa5 39.Rxg7+ Kf8 40.b4 Nc4 41.Bxc4 Bxc4 42.Rg6 Ra3 43.Be5 h5
44.Kg3 Ra2 45.Kh4 Re2 46.f4 Bd5 47.Kxh5 Bxg2 48.Rxe6 Kf7 49.Rf6+ Ke7 50.Rb6 Bf1
51.Kg5 Rg2+ 52.Kh4 Rxh2+ 53.Kg3  1/2-1/2

[Event "30th Liechtenstein Open 2012"]
[Site "Triesen LIE"]
[Date "2012.05.16"]
[Round "6.19"]
[White "Jicman,L"]
[Black "Rous,D"]
[Result "1-0"]
[WhiteElo "2189"]
[BlackElo "1911"]

1.e4 c5 2.c3 Nf6 3.e5 Nd5 4.d4 cxd4 5.Nf3 Nc6 6.cxd4 e6 7.Nc3 d6 8.exd6 Bxd6
9.Bd3 O-O 10.O-O Nxc3 11.bxc3 e5 12.dxe5 Nxe5 13.Nxe5 Bxe5 14.Bxh7+ Kxh7
15.Qh5+ Kg8 16.Qxe5 Re8 17.Qf4 Be6 18.Be3 a6 19.Bd4 Qe7 20.Rfe1 f6 21.Re3 Kf7
22.h4 Rad8 23.Rae1 Qd7 24.h5 Bd5 25.h6 Rxe3 26.Rxe3 Qd6 27.Be5 Qb6 28.hxg7 Qb1+
29.Kh2 Qh7+ 30.Rh3 Qxg7 31.f3 Be6 32.Bxf6  1-0